00831nam a22002417a 450000500170000001000150001702000260003203500140005803500130007203700180008503700090010308200160011210000230012824500440015125000060019526000440020127000660024530000210031165000320033294200320036499900190039695201740041520250530142409.0 aENG-145116 a9789387907409c315.00 aEN-128648 aB-284564 bD.B.Act / Pub bDBAD a343.540721 aKapoor, N.D981470 aElements of Industrial Law/cN.D Kapoor a1 aNew DelhibSultan Chand and Sonsc2023 a23, Darya Ganj,bNew DelhicDelhie110002k23266105l23266357 a341p.c25cm(Pbk) aFinancial management981471 adplcEN2ddch343.5407mKAP c211464d211464 001040708NFICaNPLbNPLd2025-05-30eDelivery of Books Act Divisiong315.00l1m1o343.5407 KAPpEN-128648r2025-09-10 00:00:00s2025-08-25t1v315.00w2025-05-30yEN